| 000 | 00938cam a2200289ui 4500 | ||
|---|---|---|---|
| 999 |
_c200434817 _d53029 |
||
| 001 | 200434817 | ||
| 003 | TR-AnTOB | ||
| 005 | 20241107111050.0 | ||
| 007 | ta | ||
| 008 | 110427s2005 tu tur d | ||
| 020 | _a9789750013812 | ||
| 040 |
_aTR-AnTOB _beng _erda _cTR-AnTOB _dTR-AnTOB |
||
| 041 | 0 | _atur | |
| 050 | 4 | _aCB427 | |
| 090 |
_aCB427 _b.N47 2005 |
||
| 245 | 1 | 0 |
_aNereden başlasak? : _bAvrupa Kültür Derneği Kültür Sanat Yönetimi Programı 2005 / _cderleyen M. Mahir Namur ; yayına hazırlayan T. Melih Görgün. |
| 264 | 1 |
_aİstanbul: _bAvrupa Kültür Derneği, _c2005. |
|
| 300 |
_a70 pages; _c13 cm |
||
| 336 |
_atext _btxt _2rdacontent |
||
| 337 |
_aunmediated _bn _2rdamedia |
||
| 338 |
_avolume _bnc _2rdacarrier |
||
| 650 | 7 |
_aUygarlık, Modern _y21. yüzyıl _2etuturkob _991483 |
|
| 700 | 1 |
_aMahir, M. Namur _9123157 |
|
| 700 | 1 |
_aGörgün, T. Melih _9123158 |
|
| 942 |
_2lcc _cBK |
||